Foodborne diseases (Record no. 63871)
[ view plain ]
| 000 -LEADER | |
|---|---|
| fixed length control field | 01275nam a2200265 a 4500 |
| 008 - FIXED-LENGTH DATA ELEMENTS--GENERAL INFORMATION | |
| fixed length control field | 220113s2017 ||||||||||||||||| || u |
| 020 ## - INTERNATIONAL STANDARD BOOK NUMBER | |
| International Standard Book Number | 9780123850072 |
| 050 ## - LIBRARY OF CONGRESS CALL NUMBER | |
| Classification number | RC 143 Foo |
| 100 ## - MAIN ENTRY--PERSONAL NAME | |
| Personal name | Riemann P. Hans |
| 245 10 - TITLE STATEMENT | |
| Title | Foodborne diseases |
| Statement of responsibility, etc. | Christine E.R. Dodd ; Tim Aldworth ; Richard A. Stein ; Dean O. Cliver ; Hans P. Riemann |
| 250 ## - EDITION STATEMENT | |
| Edition statement | Third edition |
| 260 ## - PUBLICATION, DISTRIBUTION, ETC. | |
| Place of publication, distribution, etc. | London |
| Name of publisher, distributor, etc. | Academic Press |
| Date of publication, distribution, etc. | 2017 |
| 300 ## - PHYSICAL DESCRIPTION | |
| Extent | xxvii, 546 pages :illustrations |
| 500 ## - GENERAL NOTE | |
| General note | Includes an index. |
| 650 ## - SUBJECT ADDED ENTRY--TOPICAL TERM | |
| Topical term or geographic name entry element | FOODBORNE ILLNESSES |
| 650 ## - SUBJECT ADDED ENTRY--TOPICAL TERM | |
| Topical term or geographic name entry element | FOODBORNE DISEASES |
| 650 ## - SUBJECT ADDED ENTRY--TOPICAL TERM | |
| Topical term or geographic name entry element | FOOD POISONING |
| 700 ## - ADDED ENTRY--PERSONAL NAME | |
| Personal name | Cliver O. Dean |
| 700 ## - ADDED ENTRY--PERSONAL NAME | |
| Personal name | Stein A. Richard |
| 700 ## - ADDED ENTRY--PERSONAL NAME | |
| Personal name | Dodd E.R. Christine |
| 700 ## - ADDED ENTRY--PERSONAL NAME | |
| Personal name | Aldworth Tim |
| 995 ## - | |
| -- | MEDICAL LIBRARY OPEN ACCESS |
| -- | 905266 |
| -- | CBU-SCHOOL OF MEDICINE LIBRARY (Ndola) |
| -- | 112.50 |
| -- | RC 143 Foo |
| -- | 1 |
| -- | AVAILABLE |
| -- | Jan 13, 2022 |
| -- | 905266 |
| -- | Medical Library Open Access Collection |
| 995 ## - | |
| -- | MEDICAL LIBRARY OPEN ACCESS |
| -- | 905267 |
| -- | CBU-SCHOOL OF MEDICINE LIBRARY (Ndola) |
| -- | 112.50 |
| -- | RC 143 Foo |
| -- | 2 |
| -- | AVAILABLE |
| -- | Jan 13, 2022 |
| -- | 905267 |
| -- | Medical Library Open Access Collection |
| 995 ## - | |
| -- | MEDICAL LIBRARY OPEN ACCESS |
| -- | 905268 |
| -- | CBU-SCHOOL OF MEDICINE LIBRARY (Ndola) |
| -- | 112.50 |
| -- | RC 143 Foo |
| -- | 3 |
| -- | AVAILABLE |
| -- | Jan 13, 2022 |
| -- | 905268 |
| -- | Medical Library Open Access Collection |
| 999 ## - | |
| -- | 63871 |
| -- | 63871 |
| Withdrawn status | Lost status | Source of classification or shelving scheme | Damaged status | Not for loan | Permanent Location | Current Location | Shelving location | Date acquired | Total Checkouts | Full call number | Barcode | Date last seen | Copy number | Price effective from | Koha item type |
|---|---|---|---|---|---|---|---|---|---|---|---|---|---|---|---|
| CBU-SCHOOL OF MEDICINE LIBRARY, NDOLA. | CBU-SCHOOL OF MEDICINE LIBRARY, NDOLA. | 02/01/2023 | RC 143 Foo | 905266 | 02/01/2023 | 1 | 02/01/2023 | MONOGRAPH | |||||||
| CBU-SCHOOL OF MEDICINE LIBRARY, NDOLA. | CBU-SCHOOL OF MEDICINE LIBRARY, NDOLA. | 02/01/2023 | RC 143 Foo | 905267 | 02/01/2023 | 2 | 02/01/2023 | MONOGRAPH | |||||||
| CBU-SCHOOL OF MEDICINE LIBRARY, NDOLA. | CBU-SCHOOL OF MEDICINE LIBRARY, NDOLA. | 02/01/2023 | RC 143 Foo | 905268 | 02/01/2023 | 3 | 02/01/2023 | MONOGRAPH |